| 000 | 00831nam a2200253 a 4500 | ||
|---|---|---|---|
| 005 | 20221122095447.0 | ||
| 008 | 191022s1994 sp r 000 0 spa d | ||
| 020 | _a8474889820 | ||
| 035 | _aUPN01000233611 | ||
| 040 |
_aMX-MxUPN _bspa _cMX-MxUPN |
||
| 050 | 4 |
_aZ7961 _bL54 1994 |
|
| 100 | 1 |
_aLledó Cunill, Eulàlia _947407 |
|
| 100 | 1 |
_aOtero Vidal, Mercè _947227 |
|
| 245 | 1 | 0 | _aDoce escritoras y una guía bibliográfica / |
| 260 |
_a[Bellaterra (Barcelona)] : _bUniversitat Autonoma de Barcelona, Institut de Ciencies de l'Educacio, _c[1994]. |
||
| 300 | _a114 páginas | ||
| 490 |
_aCuadernos para la coeducacion ; _v6 |
||
| 650 | 0 |
_947228 _aMujeres _vBibliografía |
|
| 650 | 0 |
_947229 _aAutoras _vBibliografía |
|
| 902 | _aNoemiAcosta/311022 | ||
| 905 | _aLibro | ||
| 942 |
_n0 _2lcc _cLIBRO |
||
| 999 |
_c205706 _d205706 |
||